000 00417nam a2200181Ia 4500
005 20240823005645.0
008 240823s9999||||xx |||||||||||||| ||und||
041 _aENGLISH
082 _A658.40092 N8
100 _aCSR
245 0 _aI A F Airman Recruitment Test
250 _a1st
260 _c1998
_b"Sudha,New Delhi"
500 _aISSUED
650 _aRecruitment
_bGeneral
942 _cBK
999 _c156353
_d156353